UEFA Euro all-time table in 120 seconds - Statistics

General Stats
  • This quiz has been taken 56 times
  • The average score is 30 of 35
Answer Stats
Position Team Points % Correct
8 England 39
100%
4 France 63
98%
1 Germany 79
98%
5 Italy 60
98%
3 Portugal 63
98%
2 Spain 64
98%
25 Norway 4
96%
9 Russia 36
96%
13 Sweden 19
96%
17 Poland 12
94%
18 Switzerland 11
94%
12 Belgium 20
91%
22 Ireland 8
91%
24 Scotland 6
91%
32 Austria 2
89%
6 Netherlands 51
89%
30 Ukraine 3
89%
16 Wales 12
89%
14 Greece 18
87%
21 Romania 8
87%
7 Czech Republic 45
85%
26 Slovakia 4
85%
31 Slovenia 2
85%
10 Croatia 26
83%
11 Denmark 23
83%
27 Bulgaria 4
81%
34 Finland 0
81%
23 Hungary 7
81%
20 Iceland 8
74%
28 Northern Ireland 3
72%
15 Turkey 14
66%
29 Albania 3
57%
19 Yugoslavia 9
57%
33 Latvia 1
53%
35 North Macedonia 0
38%
No matching quizzes found
Score Distribution
Percent of People with Each Score
Percentile by Number Answered
Your Score History
You have not taken this quiz